000 00376nam a2200157Ia 4500
003
005 20250316161504.0
008 240331s9999 xx 000 0 und d
082 _bKAM
_a894
100 _aKamal, T
245 0 _aOliy paravugirathu
260 _aColombo
_bVasantham ( Private ) Limited
_c1995
300 _a184 p .,
500 _aA Muslim Based Novel
942 _cL
999 _c3741
_d3741